00418nam a2200169Ia 4500003000400000005001700004008004100021020001800062040000700080041000800087082002200095100001900117245004100136260004100177300001700218365001300235OSt20230331162853.0210423s2010 xx 000 0 und d a9788184121131 cAL aeng a658.1511 AGRN223 aAGRAWAL (N K). aPrinciples of management accounting. aNew DelhibAsian Books Pvt Ltdc2010 aviii,460bPB b250cINR